000
00281nam a22001217a 4500
041
_a
ENG
100
_a
Maharashta Shasan
245
_a
Maharashta Jal Sinchan Ayog Ahaval Khanda 4
260
_a
Maharashta
_b
Maharashta Shasan
_c
1999
300
_a
21
650
_a
GAE
856
_u
GAE
999
_c
656
_d
656